ā-Konjugation: Verba activa - Statistiken

Allgemein
  • Dieses Quiz wurde 21 mal gespielt
  • Das Durchschnittsergebnis liegt bei 98 aus 131
Antwortstatistiken
Group Hint Antwort % Korrekt
Imperative Imp. Sg. Präs. Akt. laudā
100%
Infinitive Inf. Präs. Akt. laudāre
100%
Imperfekt 1. Sg. Impf. Ind. Akt. laudābam
90%
Imperfekt 1. Pl. Impf. Ind. Akt. laudābāmus
90%
Imperfekt 3. Pl. Impf. Ind. Akt. laudābant
90%
Imperfekt 2. Sg. Impf. Ind. Akt. laudābas
90%
Imperfekt 3. Sg. Impf. Ind. Akt. laudābat
90%
Imperfekt 2. Pl. Impf. Ind. Akt. laudābātis
90%
Futur I 1. Pl. Fut. Ind. Akt. laudābimus
90%
Futur I 2. Sg. Fut. Ind. Akt. laudābis
90%
Futur I 3. Sg. Fut. Ind. Akt. laudābit
90%
Futur I 2. Pl. Fut. Ind. Akt. laudābitis
90%
Futur I 1. Sg. Fut. Ind. Akt. laudābō
90%
Futur I 3. Pl. Fut. Ind. Akt. laudābunt
90%
Präsens 1. Pl. laudāmus
90%
Partizipien Partizip Präsens Aktiv laudāns
90%
Präsens 3. Pl. laudant
90%
Infinitive Inf. Präs. Pass. laudārī
90%
Präsens 2. Sg. Präs. Ind. Pass. laudāris
90%
Präsens 2. Sg. laudās
90%
Präsens 3. Sg. laudat
90%
Imperative Imp. Pl. Präs. Akt. laudāte
90%
Präsens 2. Pl. laudātis
90%
Partizipien Partizip Perfekt Passiv laudātus, -a, -um
90%
Plusquamperfekt 1. Sg. PQP Ind. Akt. laudāveram
90%
Plusquamperfekt 1. Pl. PQP Ind. Akt. laudāverāmus
90%
Plusquamperfekt 3. Pl. PQP Ind. Akt. laudāverant
90%
Plusquamperfekt 2. Sg. PQP Ind. Akt. laudāverās
90%
Plusquamperfekt 3. Sg. PQP Ind. Akt. laudāverat
90%
Plusquamperfekt 2. Pl. PQP Ind. Akt. laudāverātis
90%
Perfekt 3. Pl. Perf. Ind. Akt. laudāvērunt
90%
Perfekt 1. Sg. Perf. Ind. Akt. laudāvī
90%
Perfekt 1. Pl. Perf. Ind. Akt. laudāvimus
90%
Infinitive Inf. Perf. Akt. laudāvisse
90%
Perfekt 2. Sg. Perf. Ind. Akt. laudāvistī
90%
Perfekt 2. Pl. Perf. Ind. Akt. laudāvistis
90%
Perfekt 3. Sg. Perf. Ind. Akt. laudāvit
90%
Präsens 1. Sg. laudō
90%
Futur I 1. Sg. Fut. Ind. Pass. laudābor
80%
Imperfekt 1. Sg. Impf. Konj. Akt. laudārem
80%
Imperfekt 1. Pl. Impf. Konj. Akt. laudārēmus
80%
Imperfekt 3. Pl. Impf. Konj. Akt. laudārent
80%
Imperfekt 2. Sg. Impf. Konj. Akt. laudārēs
80%
Imperfekt 3. Sg. Impf. Konj. Akt. laudāret
80%
Plusquamperfekt 1. Pl. PQP Ind. Pass. laudātī, -ae, -a erāmus
80%
Plusquamperfekt 3. Pl. PQP Ind. Pass. laudātī, -ae, -a erant
80%
Plusquamperfekt 2. Pl. PQP Ind. Pass. laudātī, -ae, -a erātis
80%
Perfekt 2. Pl. Perf. Ind. Pass. laudātī, -ae, -a estis
80%
Perfekt 1. Pl. Perf. Ind. Pass. laudātī, -ae, -a sumus
80%
Perfekt 3. Pl. Perf. Ind. Pass. laudātī, -ae, -a sunt
80%
Infinitive Inf. Perf. Pass. laudātum, -am, -um esse
80%
Präsens 3. Sg. Präs. Ind. Pass. laudātur
80%
Partizipien Partizip Futur Aktiv laudātūrus, -a, -um
80%
Plusquamperfekt 1. Sg. PQP Ind. Pass. laudātus, -a, -um eram
80%
Plusquamperfekt 2. Sg. PQP Ind. Pass. laudātus, -a, -um erās
80%
Plusquamperfekt 3. Sg. PQP Ind. Pass. laudātus, -a, -um erat
80%
Perfekt 2. Sg. Perf. Ind. Pass. laudātus, -a, -um es
80%
Perfekt 3. Sg. Perf. Ind. Pass. laudātus, -a, -um est
80%
Perfekt 1. Sg. Perf. Ind. Pass. laudātus, -a, -um sum
80%
Plusquamperfekt 1. Sg. PQP Konj. Akt. laudāvissem
80%
Plusquamperfekt 2. Sg. PQP Konj. Akt. laudāvissēs
80%
Plusquamperfekt 3. Sg. PQP Konj. Akt. laudāvisset
80%
Präsens 1. Sg. Präs. Konj. Akt. laudem
80%
Präsens 1. Pl. Präs. Konj. Akt. laudēmus
80%
Präsens 3. Pl. Präs. Konj. Akt. laudent
80%
Präsens 1. Sg. Präs. Konj. Pass. lauder
80%
Präsens 2. Sg. Präs. Konj. Akt. laudēs
80%
Präsens 3. Sg. Präs. Konj. Akt. laudet
80%
Präsens 2. Pl. Präs. Konj. Akt. laudētis
80%
Präsens 1. Sg. Präs. Ind. Pass. laudor
80%
Futur II 3. Sg. Fut. II Akt. laudāverit
70%
Imperfekt 2. Pl. Impf. Ind. Pass. laudābāminī
70%
Imperfekt 1. Pl. Impf. Ind. Pass. laudābāmur
70%
Imperfekt 3. Pl. Impf. Ind. Pass. laudābantur
70%
Imperfekt 1. Sg. Impf. Ind. Pass. laudābar
70%
Imperfekt 2. Sg. Impf. Ind. Pass. laudābāris
70%
Imperfekt 3. Sg. Impf. Ind. Pass. laudābātur
70%
Futur I 2. Pl. Fut. Ind. Pass. laudābiminī
70%
Futur I 1. Pl. Fut. Ind. Pass. laudābimur
70%
Futur I 3. Sg. Fut. Ind. Pass. laudābitur
70%
Futur I 3. Pl. Fut. Ind. Pass. laudābuntur
70%
Präsens 2. Pl. Präs. Ind. Pass. laudāmini
70%
Präsens 1. Pl. Präs. Ind. Pass. laudāmur
70%
Präsens 3. Pl. Präs. Ind. Pass. laudantur
70%
Imperfekt 2. Pl. Impf. Konj. Akt. laudārētis
70%
Perfekt 1. Pl. Perf. Konj. Pass. laudātī, -ae, -a sīmus
70%
Perfekt 3. Pl. Perf. Konj. Pass. laudātī, -ae, -a sint
70%
Perfekt 2. Pl. Perf. Konj. Pass. laudātī, -ae, -a sītis
70%
Infinitive Inf. Fut. Akt. laudātūrum, -am, -um esse
70%
Perfekt 1. Sg. Perf. Konj. Pass. laudātus, -a, -um sim
70%
Perfekt 2. Sg. Perf. Konj. Pass. laudātus, -a, -um sīs
70%
Perfekt 3. Sg. Perf. Konj. Pass. laudātus, -a, -um sit
70%
Perfekt 1. Sg. Perf. Konj. Akt. laudāverim
70%
Perfekt 1. Pl. Perf. Konj. Akt. laudāverimus
70%
Futur II 1. Pl. Fut. II Akt. laudāverimus
70%
Perfekt 3. Pl. Perf. Konj. Akt. laudāverint
70%
Futur II 3. Pl. Fut. II Akt. laudāverint
70%
Perfekt 2. Sg. Perf. Konj. Akt. laudāveris
70%
Futur II 2. Sg. Fut. II Akt. laudāveris
70%
Perfekt 3. Sg. Perf. Konj. Akt. laudāverit
70%
Perfekt 2. Pl. Perf. Konj. Akt. laudāveritis
70%
Futur II 2. Pl. Fut. II Akt. laudāveritis
70%
Futur II 1. Sg. Fut. II Akt. laudāverō
70%
Plusquamperfekt 3. Pl. PQP Konj. Akt. laudāvissent
70%
Imperfekt 2. Pl. Impf. Konj. Pass. laudārēminī
60%
Imperfekt 1. Pl. Impf. Konj. Pass. laudārēmur
60%
Imperfekt 3. Pl. Impf. Konj. Pass. laudārentur
60%
Imperfekt 1. Sg. Impf. Konj. Pass. laudārer
60%
Imperfekt 2. Sg. Impf. Konj. Pass. laudārēris
60%
Imperfekt 3. Sg. Impf. Konj. Pass. laudārētur
60%
Futur II 2. Pl. Fut. II Pass. laudātī, -ae, -a eritis
60%
Plusquamperfekt 1. Pl. PQP Konj. Akt. laudāvissēmus
60%
Plusquamperfekt 2. Pl. PQP Konj. Akt. laudāvissētis
60%
Präsens 2. Pl. Präs. Konj. Pass. laudēminī
60%
Präsens 1. Pl. Präs. Konj. Pass. laudēmur
60%
Präsens 3. Pl. Präs. Konj. Pass. laudentur
60%
Präsens 2. Sg. Präs. Konj. Pass. laudēris
60%
Präsens 3. Sg. Präs. Konj. Pass. laudētur
60%
Futur I 2. Sg. Fut. Ind. Pass. laudāberis
50%
Futur II 1. Pl. Fut. II Pass. laudātī, -ae, -a erimus
50%
Futur II 2. Sg. Fut. II Pass. laudātus, -a, -um eris
50%
Futur II 3. Sg. Fut. II Pass. laudātus, -a, -um erit
50%
Futur II 1. Sg. Fut. II Pass. laudātus, -a, -um erō
50%
Plusquamperfekt 1. Pl. PQP Konj. Pass. laudātī, -ae, -a essēmus
40%
Plusquamperfekt 3. Pl. PQP Konj. Pass. laudātī, -ae, -a essent
40%
Plusquamperfekt 2. Pl. PQP Konj. Pass. laudātī, -ae, -a essētis
40%
Plusquamperfekt 1. Sg. PQP Konj. Pass. laudātus, -a, -um essem
40%
Plusquamperfekt 2. Sg. PQP Konj. Pass. laudātus, -a, -um essēs
40%
Plusquamperfekt 3. Sg. PQP Konj. Pass. laudātus, -a, -um esset
40%
Futur II 3. Pl. Fut. II Pass. laudātī, -ae, -a erunt
30%
Infinitive Inf. Fut. Pass. laudātum īrī
30%
Keine übereinstimmenden Quizze gefunden
Verteilung der Resultate
Anzahl Personen mit jedem Resultat
Perzentil nach korrekt beantworteten Fragen
Ihre Resultats-Entwicklung
Sie haben dieses Quiz noch nicht gespielt